000
00299nam a2200121Ia 4500
008
190216s9999||||xx |||||||||||||| ||und||
100
_a
Mohammed K A & Aravindakshan Ks
245
0
_a
Indian Economics
260
_b
Paico Pub.House Ekm
_c
1965
300
_a
175p
650
_a
Economics
942
_c
BK
999
_c
9680
_d
9680